Discapacidad y sistemas de comunicación: teoría y aplicaciones
में बचाया:
| मुख्य लेखकों: | , |
|---|---|
| स्वरूप: | पुस्तक |
| भाषा: | स्पेनिश |
| प्रकाशित: |
Madrid
Real Patronato de Prevención y de Atención a Personas con Minusvalía
1997
|
| संस्करण: | 3a. ed |
| विषय: | |
| टैग: |
टैग जोड़ें
कोई टैग नहीं, इस रिकॉर्ड को टैग करने वाले पहले व्यक्ति बनें!
|
MARC
| LEADER | 00000nam a2200000 a 4500 | ||
|---|---|---|---|
| 001 | UCP0959 | ||
| 003 | CL-VaPUC | ||
| 008 | 990326e19970000SP |||||||||||||||||spa|d | ||
| 082 | 0 | 4 | |a 371.9 |b TOR |2 21 |
| 100 | 0 | |a Torres Monreal, Santiago |e author |9 426657 | |
| 700 | 0 | |a García Orza, Javier |e author |9 426658 | |
| 245 | 1 | 0 | |a Discapacidad y sistemas de comunicación: teoría y aplicaciones |
| 250 | |a 3a. ed | ||
| 300 | |a 323 p | ||
| 942 | |c BK | ||
| 945 | |d 19990326 00:00:00 |a rbrito | ||
| 260 | |a Madrid |b Real Patronato de Prevención y de Atención a Personas con Minusvalía |c 1997 | ||
| 650 | 0 | |a Educación especial |9 307486 | |
| 650 | 7 | |a IMPEDIDOS FISICAMENTE |2 CL-VaPUC |9 307526 | |
| 650 | 7 | |a SORDERA |2 CL-VaPUC |9 311920 | |
| 650 | 0 | |a Autismo |9 307911 | |
| 650 | 0 | |a Deficiencia mental |9 334734 | |
| 583 | |a last modification |c 19990326 00:00:00 |k Rodrigo Vera | ||
| 999 | |c 279688 |d 279686 | ||
| 952 | |0 0 |1 0 |4 0 |6 371_900000000000000_TOR_1997 |7 0 |8 P |9 319356 |a BIBEDU |b BIBEDU |c BIBEDU_PB |d 2019-11-20 |i 3487857 |o 371.9 TOR 1997 |p 3487857 |r 2024-01-25 |w 2019-11-20 |y BK |k EDU | ||
| 952 | |0 0 |1 0 |4 0 |6 371_900000000000000_TOR_1997 |7 0 |8 P |9 319357 |a BIBEDU |b BIBEDU |c BIBEDU_PB |d 2019-11-20 |i 3585603 |o 371.9 TOR 1997 |p 3585603 |r 2024-01-25 |w 2019-11-20 |y BK |k BME | ||